00528nam a2200181 a 450000100060000000300090000600800410001502000150005604000280007108200160009910000400011524500150015526000420017030000160021249000280022865000380025665000520029410612CO-ViMGA141112s2004 ck r 000 u spa d a9589021980 aCO-ViMGAbspacCO-ViMGA04a986.21 S15b1 aAramburo S ; Clara, Carmona Segio, 10aSan Carlos aMedellín : bCornare - Iner, c1990 a102p. : il. aEstudios de Localidades14aSAN CARLOS - ANTIOQUIA - COLOMBIA14aSAN CARLOS - ANTIOQUIA - COLOMBIA - DESCRIPCION